|
|
|
|
| LEADER |
00791nam a2200217 a 4500 |
| 001 |
GR-MES3750 |
| 008 |
991111s1994 gr 000 0 gre d |
| 040 |
|
|
|a GrPaTEI
|b gre
|c GR-PaULI
|
| 245 |
0 |
0 |
|a Θέματα διδακτικής.
|
| 260 |
|
|
|a Αθήνα :
|b Gutenberg,
|c 1994
|
| 300 |
|
|
|a 196σελ.
|
| 650 |
|
4 |
|a ΔΙΔΑΚΤΙΚΗ
|
| 650 |
|
4 |
|a Διδασκαλία
|
| 650 |
|
4 |
|a Λεξικά
|
| 650 |
|
4 |
|a ΠΑΙΔΑΓΩΓΙΚΗ
|
| 650 |
|
4 |
|a ΠΑΙΔΑΓΩΓΙΚΗ
|
| 700 |
1 |
|
|a Αλπμέρτι, Α.
|
| 942 |
|
|
|2 ddc
|
| 952 |
|
|
|0 0
|1 0
|2 ddc
|4 0
|6 371_102000000000000_ΑΛΜ
|7 0
|9 268374
|a MSLG
|b MSLG
|c BSC
|d 2021-01-17
|e 24
|f 0
|g 0.00
|l 0
|o 371.102 ΑΛΜ
|p 2420000007036
|r 2021-01-17 00:00:00
|t 1
|w 2021-01-17
|y BK15
|x 19991111 0 1
|x GrPaTEI
|
| 971 |
|
|
|a .b25747952
|b 16-04-20
|c 13-09-16
|
| 999 |
|
|
|c 154625
|d 154625
|